Tous les pays représentés au Stade Rennais - Statistiques

Statistiques générales
  • Ce quiz a été pris 69 fois
  • Le résultat moyen est 36 sur 65
Statistiques - réponses
Nombre de joueurs Matchs joués Nations % Correct
546 33 402 France
100%
9 600 Algérie
94%
11 413 Brésil
94%
4 226 Belgique
92%
7 354 Suisse
92%
6 347 Espagne
89%
4 29 Italie
88%
5 107 Portugal
88%
8 483 Maroc
86%
18 1 114 Sénégal
86%
4 52 Angleterre
83%
11 279 Argentine
83%
2 120 États-Unis
80%
3 190 Norvège
80%
8 296 Allemagne
77%
13 829 Cameroun
75%
1 29 Tunisie
74%
4 108 Turquie
74%
6 243 Pays-Bas
72%
7 516 Suède
72%
1 5 Japon
71%
2 101 Colombie
69%
8 287 Cote d'Ivoire
69%
6 414 Mali
68%
3 62 R Congo
68%
6 184 RD Congo
68%
2 94 Croatie
66%
4 47 Écosse
66%
1 57 Danemark
65%
3 186 Pologne
63%
4 136 Nigeria
60%
9 451 Autriche
58%
2 161 Tchéquie
58%
5 261 Ghana
57%
1 22 Pays de Galles
55%
1 30 Grèce
54%
2 19 Uruguay
54%
1 10 Chili
52%
1 12 Afrique du Sud
51%
5 209 Guinée
51%
2 90 Serbie
51%
4 201 Hongrie
49%
2 32 Roumanie
48%
2 20 Bulgarie
46%
3 81 Gabon
45%
1 9 Albanie
38%
1 33 R Centrafricaine
37%
1 51 Togo
37%
1 58 Tchad
35%
1 68 Bosnie-Herzégovine
34%
1 28 Madagascar
32%
1 1 Macédoine du Nord
31%
1 112 Burkina Faso
29%
2 188 Bénin
25%
1 143 Mozambique
25%
1 1 Zambie
25%
1 40 Liberia
23%
1 35 Israël
22%
1 3 Rwanda
22%
1 6 Qatar
18%
12 427 Yougoslavie
18%
1 73 Cap-Vert
15%
1 61 Ouganda
14%
2 6 Maurice
9%
7 123 Tchécoslovaquie
6%
Aucun quiz correspondant
Distribution des résultats
% des personnes avec chaque résultat
Percentile par nombre de réponses
Votre historique - résultats
Vous n’avez pas pris ce quiz